| 000 | 00648nam a22001931a 4500 | ||
|---|---|---|---|
| 001 | 2068 | ||
| 003 | OSt | ||
| 005 | 20260204211758.0 | ||
| 008 | 040123s2001||||dr ||||||b||||||||||spa|| | ||
| 050 | _aRD 338.18 G226a | ||
| 082 | _aRD 3338.18 G226a | ||
| 100 | _aGatón Rosa, Ivan Ernesto | ||
| 245 | _aLa agricultura orgánica en la República Dominicana en los mercados internacionales / Ivan Ernesto Gatón Rosa | ||
| 264 | _aSanto Domingo : Manati. | ||
| 300 | _a110 p. | ||
| 500 | _aIncluye bibliografía | ||
| 650 | _a1.Agricultura y Estado 2.Agricultura - República Dominicana 3.Agricultura - Mercados InternacionalesÌ | ||
| 942 |
_2ddc _cBK |
||
| 999 |
_c2068 _d2068 |
||